[Event "DSJ Weihnachtsturnier U20w 2020"]
[Site "https://play.chessbase.com/en/play?room=DSJWeihnachtU20w"]
[Date "2020.12.29"]
[Round "4"]
[White "Schneider, Jana"]
[Black "Bashylina, Luisa"]
[Result "0-1"]
[Termination "normal"]
[Board "1.1"]
[WhiteTitle "FM"]
[BlackTitle "WCM"]
[WhiteElo "2272"]
[BlackElo "1978"]
[WhiteTeam "SC Bavaria Regensburg von 1881"]
[BlackTeam "Schachgesellschaft Solingen"]
[PlyCount "84"]
[WhiteFideId "12924997"]
[BlackFideId "12983292"]
[EventRounds "7"]
[EventType "team-swiss"]
[EventDate "2020.12.29"]

1. e4 {[%emt 0:00:06]} c5 {[%emt 0:00:02]} 2. Nf3 {[%emt 0:00:03]} e6 {[%emt 0:
00:02]} 3. d4 {[%emt 0:00:02]} cxd4 {[%emt 0:00:00]} 4. Nxd4 {[%emt 0:00:02]}
a6 {[%emt 0:00:04]} 5. Bd3 {[%emt 0:00:12]} Qc7 {[%emt 0:00:05]} 6. c4 { [%emt
0:00:08]} Nf6 {[%emt 0:00:07]} 7. O-O {[%emt 0:00:07]} d6 {[%emt 0:00:09] } 8.
Nc3 {[%emt 0:00:04]} g6 {[%emt 0:00:07]} 9. Qe2 {[%emt 0:00:21]} Bg7 { [%emt
0:00:04]} 10. Rd1 {[%emt 0:00:24]} O-O {[%emt 0:00:09]} 11. Be3 {[%emt 0:
00:25]} Nbd7 {[%emt 0:00:37]} 12. Rac1 {[%emt 0:00:11]} b6 {[%emt 0:00:15]} 13.
b3 {[%emt 0:00:10]} Bb7 {[%emt 0:00:03]} 14. f3 {[%emt 0:00:02]} Rfd8 {[%emt 0:
01:10]} 15. Qf2 {[%emt 0:00:06]} Rac8 {[%emt 0:00:19]} 16. Bf1 {[%emt 0:00:11]}
Ne5 {[%emt 0:00:54]} 17. Ndb5 {[%emt 0:01:25]} axb5 {[%emt 0:00:16]} 18. Bxb6 {
[%emt 0:00:02]} Qe7 {[%emt 0:00:05]} 19. Bxd8 {[%emt 0:00:03]} Rxd8 {[%emt 0:
00:21]} 20. cxb5 {[%emt 0:01:01]} d5 {[%emt 0:00:20]} 21. exd5 {[%emt 0:00:13]}
Nxd5 {[%emt 0:00:01]} 22. Nxd5 {[%emt 0:00:31]} Bxd5 {[%emt 0:00:00]} 23. b6 {
[%emt 0:00:21]} Rb8 {[%emt 0:00:28]} 24. Ba6 {[%emt 0:01:01]} Qd6 {[%emt 0:00:
28]} 25. Rc8+ {[%emt 0:00:25]} Rxc8 {[%emt 0:00:08]} 26. Bxc8 {[%emt 0:00:00]}
Qb4 {[%emt 0:00:12]} 27. b7 {[%emt 0:01:44]} Bf8 {[%emt 0:01:24]} 28. Rd4 {
[%emt 0:00:50]} Qb5 {[%emt 0:00:25]} 29. b4 {[%emt 0:00:01]} Nc4 {[%emt 0:00:
13]} 30. Qe2 {[%emt 0:00:25]} Bd6 {[%emt 0:00:26]} 31. Kh1 {[%emt 0:00:15]}
Qxb4 {[%emt 0:00:30]} 32. Qd1 {[%emt 0:00:06]} Be5 {[%emt 0:00:28]} 33. Rd3 {
[%emt 0:00:01]} Nb2 {[%emt 0:00:09]} 34. Rb3 {[%emt 0:00:05]} Bxb3 {[%emt 0:00:
17]} 35. Qd8+ {[%emt 0:00:01]} Kg7 {[%emt 0:00:03]} 36. g3 {[%emt 0:00:02]}
Qe1+ {[%emt 0:00:04]} 37. Kg2 {[%emt 0:00:01]} Qe2+ {[%emt 0:00:06]} 38. Kh3 {
[%emt 0:00:01]} Qf1+ {[%emt 0:00:06]} 39. Kg4 {[%emt 0:00:02]} f5+ {[%emt 0:00:
07]} 40. Kg5 {[%emt 0:00:02]} h6+ {[%emt 0:00:03]} 41. Kh4 {[%emt 0:00:01]} g5+
{[%emt 0:00:03]} 42. Kh5 {[%emt 0:00:01]} Qh3# {[%emt 0:00:03]} 0-1

[Event "DSJ Weihnachtsturnier U20w 2020"]
[Site "https://play.chessbase.com/en/play?room=DSJWeihnachtU20w"]
[Date "2020.12.29"]
[Round "4"]
[White "Müdder, Melanie"]
[Black "Mütsch, Annmarie"]
[Result "1-0"]
[Termination "normal"]
[Board "1.2"]
[BlackTitle "WIM"]
[WhiteElo "1950"]
[BlackElo "2236"]
[WhiteTeam "Schachgesellschaft Solingen"]
[BlackTeam "SC Bavaria Regensburg von 1881"]
[PlyCount "49"]
[WhiteFideId "12994103"]
[BlackFideId "12971367"]
[EventRounds "7"]
[EventType "team-swiss"]
[EventDate "2020.12.29"]

1. e4 {[%emt 0:00:04]} e5 {[%emt 0:00:19]} 2. Nf3 {[%emt 0:00:05]} Nc6 { [%emt
0:00:02]} 3. d4 {[%emt 0:00:04]} exd4 {[%emt 0:00:09]} 4. Nxd4 {[%emt 0:
00:02]} d6 {[%emt 0:01:05]} 5. Nc3 {[%emt 0:00:21]} Nf6 {[%emt 0:00:06]} 6.
Nxc6 {[%emt 0:00:39]} bxc6 {[%emt 0:00:04]} 7. Bd3 {[%emt 0:00:04]} Be7 { [%emt
0:00:07]} 8. O-O {[%emt 0:00:09]} O-O {[%emt 0:00:04]} 9. f4 {[%emt 0:00: 16]}
d5 {[%emt 0:01:18]} 10. e5 {[%emt 0:00:10]} Bc5+ {[%emt 0:00:20]} 11. Kh1
{[%emt 0:00:07]} Ng4 {[%emt 0:00:05]} 12. Qe1 {[%emt 0:00:07]} f6 {[%emt 0:00:
48]} 13. h3 {[%emt 0:00:22]} Nh6 {[%emt 0:00:31]} 14. f5 {[%emt 0:00:05]} fxe5
{[%emt 0:00:25]} 15. Bxh6 {[%emt 0:00:06]} gxh6 {[%emt 0:00:02]} 16. f6 { [%emt
0:01:39]} Kh8 {[%emt 0:00:53]} 17. Qxe5 {[%emt 0:00:11]} Qd6 {[%emt 0:00: 17]}
18. Qh5 {[%emt 0:00:28]} Be3 {[%emt 0:00:56]} 19. Rae1 {[%emt 0:00:49]} d4
{[%emt 0:00:33]} 20. Rxe3 {[%emt 0:00:49]} dxe3 {[%emt 0:00:02]} 21. Qxh6 {
[%emt 0:00:03]} Rf7 {[%emt 0:00:05]} 22. Ne4 {[%emt 0:00:14]} Qf8 {[%emt 0:00:
09]} 23. Ng5 {[%emt 0:00:13]} Qg8 {[%emt 0:01:13]} 24. Nxf7+ {[%emt 0:00:43]}
Qxf7 {[%emt 0:00:07]} 25. Bc4 {[%emt 0:00:43]} 1-0

[Event "DSJ Weihnachtsturnier U20w 2020"]
[Site "https://play.chessbase.com/en/play?room=DSJWeihnachtU20w"]
[Date "2020.12.29"]
[Round "4"]
[White "Arnhold, Steffi"]
[Black "Butenandt, Svenja"]
[Result "1/2-1/2"]
[Termination "normal"]
[Board "1.3"]
[WhiteElo "2031"]
[BlackElo "2014"]
[WhiteTeam "SC Bavaria Regensburg von 1881"]
[BlackTeam "Schachgesellschaft Solingen"]
[PlyCount "115"]
[WhiteFideId "12931365"]
[BlackFideId "12993859"]
[EventRounds "7"]
[EventType "team-swiss"]
[EventDate "2020.12.29"]

1. e4 {[%emt 0:00:01]} c5 {[%emt 0:00:03]} 2. Nf3 {[%emt 0:00:02]} e6 {[%emt 0:
00:01]} 3. d4 {[%emt 0:00:01]} cxd4 {[%emt 0:00:00]} 4. Nxd4 {[%emt 0:00:01]}
a6 {[%emt 0:00:02]} 5. Bd3 {[%emt 0:00:02]} Qc7 {[%emt 0:00:03]} 6. O-O { [%emt
0:00:02]} Nf6 {[%emt 0:00:02]} 7. Nc3 {[%emt 0:00:03]} b5 {[%emt 0:00:14] } 8.
a3 {[%emt 0:00:02]} Bb7 {[%emt 0:00:03]} 9. Kh1 {[%emt 0:00:03]} Be7 { [%emt
0:00:01]} 10. f4 {[%emt 0:00:01]} O-O {[%emt 0:00:02]} 11. Bd2 {[%emt 0:
00:01]} d6 {[%emt 0:00:05]} 12. Qf3 {[%emt 0:00:06]} Nbd7 {[%emt 0:00:05]} 13.
Rae1 {[%emt 0:00:03]} Nb6 {[%emt 0:00:11]} 14. Qh3 {[%emt 0:00:02]} g6 { [%emt
0:00:21]} 15. e5 {[%emt 0:00:35]} Nfd5 {[%emt 0:00:17]} 16. f5 {[%emt 0:
00:08]} dxe5 {[%emt 0:01:10]} 17. fxg6 {[%emt 0:00:05]} hxg6 {[%emt 0:00:27]}
18. Nxe6 {[%emt 0:00:08]} fxe6 {[%emt 0:00:06]} 19. Bxg6 {[%emt 0:00:01]} Bf6 {
[%emt 0:01:48]} 20. Qxe6+ {[%emt 0:00:43]} Kg7 {[%emt 0:00:05]} 21. Bh5 { [%emt
0:00:05]} Qd7 {[%emt 0:01:03]} 22. Qxd7+ {[%emt 0:01:08]} Nxd7 {[%emt 0:
00:03]} 23. Ne4 {[%emt 0:00:01]} Be7 {[%emt 0:01:05]} 24. Ng5 {[%emt 0:00:43]}
Rxf1+ {[%emt 0:00:34]} 25. Rxf1 {[%emt 0:00:05]} Bxg5 {[%emt 0:00:08]} 26. Bxg5
{[%emt 0:00:04]} Rf8 {[%emt 0:00:02]} 27. Rd1 {[%emt 0:00:09]} N7f6 {[%emt 0:
00:23]} 28. Bf3 {[%emt 0:00:03]} e4 {[%emt 0:00:14]} 29. Bxf6+ {[%emt 0:00:09]}
Nxf6 {[%emt 0:00:04]} 30. Be2 {[%emt 0:00:02]} Nd5 {[%emt 0:00:12]} 31. c4 {
[%emt 0:00:04]} bxc4 {[%emt 0:00:22]} 32. Bxc4 {[%emt 0:00:00]} Nb6 {[%emt 0:
00:03]} 33. Bb3 {[%emt 0:00:07]} e3 {[%emt 0:00:05]} 34. Kg1 {[%emt 0:00:09]}
Rf2 {[%emt 0:00:12]} 35. Re1 {[%emt 0:00:07]} Rxg2+ {[%emt 0:00:16]} 36. Kf1 {
[%emt 0:00:02]} Rxh2 {[%emt 0:00:36]} 37. Rxe3 {[%emt 0:00:03]} Rh1+ {[%emt 0:
00:13]} 38. Kf2 {[%emt 0:00:05]} Rh2+ {[%emt 0:00:03]} 39. Kg3 {[%emt 0:00:03]}
Rg2+ {[%emt 0:00:03]} 40. Kf4 {[%emt 0:00:01]} Bd5 {[%emt 0:00:13] Regensb2-003
reconnected.} 41. Bd1 {[%emt 0:00:49]} Bf7 {[%emt 0:00:06]} 42. Bf3 {[%emt
0:00:17]} Rxb2 {[%emt 0:00:08]} 43. Re7 {[%emt 0:00:07]} Rf2 { [%emt 0:00:02]}
44. Ke3 {[%emt 0:00:04]} Ra2 {[%emt 0:00:02]} 45. Rb7 {[%emt 0: 00:11]} Rxa3+
{[%emt 0:00:01]} 46. Ke2 {[%emt 0:00:04]} Rxf3 {[%emt 0:00:02]} 47. Rxb6 {[%emt
0:00:08]} Ra3 {[%emt 0:00:02]} 48. Rb7 {[%emt 0:00:02]} Ra2+ { [%emt 0:00:01]}
49. Kd3 {[%emt 0:00:02]} a5 {[%emt 0:00:01]} 50. Kc3 {[%emt 0: 00:02]} a4
{[%emt 0:00:01]} 51. Ra7 {[%emt 0:00:03]} a3 {[%emt 0:00:01]} 52. Kb4 {[%emt
0:00:01]} Rb2+ {[%emt 0:00:02]} 53. Kc3 {[%emt 0:00:01]} Ra2 { [%emt 0:00:02]}
54. Kb4 {[%emt 0:00:02]} Kf6 {[%emt 0:00:02]} 55. Kc3 {[%emt 0: 00:02]} Be6
{[%emt 0:00:01]} 56. Kb4 {[%emt 0:00:01]} Ke5 {[%emt 0:00:01]} 57. Rxa3 {[%emt
0:00:03]} Rxa3 {[%emt 0:00:03]} 58. Kxa3 {[%emt 0:00:00]} 1/2-1/2

[Event "DSJ Weihnachtsturnier U20w 2020"]
[Site "https://play.chessbase.com/en/play?room=DSJWeihnachtU20w"]
[Date "2020.12.29"]
[Round "4"]
[White "Sereda, Yaroslava"]
[Black "Pavlov, Liliane"]
[Result "1-0"]
[Termination "normal"]
[Board "1.4"]
[WhiteElo "1750"]
[BlackElo "1740"]
[WhiteTeam "Schachgesellschaft Solingen"]
[BlackTeam "SC Bavaria Regensburg von 1881"]
[PlyCount "71"]
[WhiteFideId "14178940"]
[BlackFideId "16225449"]
[EventRounds "7"]
[EventType "team-swiss"]
[EventDate "2020.12.29"]

1. e4 {[%emt 0:00:11]} c5 {[%emt 0:00:08]} 2. Nf3 {[%emt 0:00:02]} d6 {[%emt 0:
00:46]} 3. d4 {[%emt 0:00:17]} cxd4 {[%emt 0:00:10]} 4. Nxd4 {[%emt 0:00:02]}
Nf6 {[%emt 0:00:14]} 5. Nc3 {[%emt 0:00:02]} a6 {[%emt 0:00:03]} 6. g3 { [%emt
0:00:17]} e5 {[%emt 0:00:04]} 7. Nb3 {[%emt 0:00:17]} Be7 {[%emt 0:00:04] } 8.
Bg2 {[%emt 0:00:03]} O-O {[%emt 0:00:02]} 9. O-O {[%emt 0:00:04]} Be6 { [%emt
0:00:08]} 10. Bg5 {[%emt 0:00:46]} Nbd7 {[%emt 0:00:05]} 11. Re1 { [%emt
0:00:58]} h6 {[%emt 0:00:20]} 12. Bc1 {[%emt 0:00:33]} Rc8 {[%emt 0:00: 21]}
13. Nd2 {[%emt 0:00:06]} Nc5 {[%emt 0:00:10]} 14. Nf1 {[%emt 0:00:04]} b5
{[%emt 0:00:14]} 15. a3 {[%emt 0:00:08]} Qb6 {[%emt 0:00:20]} 16. Ne3 {[%emt 0:
00:10]} Rfd8 {[%emt 0:00:14]} 17. Ned5 {[%emt 0:00:20]} Bxd5 {[%emt 0:00:08]}
18. Nxd5 {[%emt 0:00:02]} Nxd5 {[%emt 0:00:03]} 19. Qxd5 {[%emt 0:00:04]} Ne6 {
[%emt 0:00:04]} 20. c3 {[%emt 0:00:14]} Nc7 {[%emt 0:00:45]} 21. Qd3 {[%emt 0:
00:22]} f6 {[%emt 0:00:23]} 22. Be3 {[%emt 0:00:21]} Qc6 {[%emt 0:00:10]} 23.
Rac1 {[%emt 0:00:06]} Qd7 {[%emt 0:01:10]} 24. Qe2 {[%emt 0:00:36]} Qe6 { [%emt
0:00:10]} 25. h4 {[%emt 0:00:05]} d5 {[%emt 0:00:08]} 26. Kh2 {[%emt 0: 00:14]}
d4 {[%emt 0:00:19]} 27. Bh3 {[%emt 0:00:19]} Qb3 {[%emt 0:00:18]} 28. cxd4
{[%emt 0:00:07]} exd4 {[%emt 0:00:21]} 29. Bxc8 {[%emt 0:00:05]} dxe3 { [%emt
0:00:03]} 30. Rxc7 {[%emt 0:00:26]} exf2 {[%emt 0:01:09]} 31. Qxf2 { [%emt
0:00:08]} Bd6 {[%emt 0:00:37]} 32. Rc3 {[%emt 0:00:30]} Qf7 {[%emt 0:00: 36]}
33. Bxa6 {[%emt 0:00:09]} b4 {[%emt 0:00:03]} 34. Bc4 {[%emt 0:00:06]} bxc3
{[%emt 0:00:16]} 35. Bxf7+ {[%emt 0:00:10]} Kxf7 {[%emt 0:00:00]} 36. bxc3
{[%emt 0:00:03]} 1-0

[Event "DSJ Weihnachtsturnier U20w 2020"]
[Site "https://play.chessbase.com/en/play?room=DSJWeihnachtU20w"]
[Date "2020.12.29"]
[Round "4"]
[White "Möller, Lisa-Marie"]
[Black "Ciolacu, Alessia-Mihaela"]
[Result "0-1"]
[Termination "normal"]
[Board "2.1"]
[BlackTitle "WFM"]
[WhiteElo "1900"]
[BlackElo "2052"]
[WhiteTeam "Düsseldorfer Schachklub 14/25"]
[BlackTeam "Schachverein Hemer 1932"]
[PlyCount "52"]
[WhiteFideId "12959367"]
[BlackFideId "1252640"]
[EventRounds "7"]
[EventType "team-swiss"]
[EventDate "2020.12.29"]

1. e4 {[%emt 0:00:13]} e5 {[%emt 0:00:02]} 2. Nc3 {[%emt 0:00:02]} Nf6 { [%emt
0:00:02]} 3. f4 {[%emt 0:00:02]} d5 {[%emt 0:00:10]} 4. fxe5 {[%emt 0:00: 02]}
Nxe4 {[%emt 0:00:01]} 5. Qf3 {[%emt 0:00:02]} Nxc3 {[%emt 0:00:04]} 6. bxc3
{[%emt 0:00:01]} Be7 {[%emt 0:00:39]} 7. d4 {[%emt 0:00:04]} c5 {[%emt 0:
00:21]} 8. Bb5+ {[%emt 0:00:16]} Nc6 {[%emt 0:00:03]} 9. Ne2 {[%emt 0:00:04]}
Qb6 {[%emt 0:00:16]} 10. Bxc6+ {[%emt 0:00:31]} bxc6 {[%emt 0:00:15]} 11. O-O {
[%emt 0:00:03]} O-O {[%emt 0:00:29]} 12. Qg3 {[%emt 0:00:35]} cxd4 {[%emt 0:00:
32]} 13. cxd4 {[%emt 0:00:07]} c5 {[%emt 0:00:02]} 14. Bh6 {[%emt 0:00:09]}
Qxh6 {[%emt 0:00:02]} 15. Nf4 {[%emt 0:00:24]} Be6 {[%emt 0:00:47]} 16. c3 {
[%emt 0:00:23]} Rab8 {[%emt 0:00:15]} 17. Rab1 {[%emt 0:00:09]} cxd4 {[%emt 0:
00:32]} 18. cxd4 {[%emt 0:00:03]} g5 {[%emt 0:00:53]} 19. Nd3 {[%emt 0:01:08]}
Qg6 {[%emt 0:00:04]} 20. Rxb8 {[%emt 0:00:24]} Rxb8 {[%emt 0:00:02]} 21. Rc1 {
[%emt 0:00:01]} Qe4 {[%emt 0:00:23]} 22. Rc7 {[%emt 0:00:17]} Rb1+ {[%emt 0:00:
09]} 23. Kf2 {[%emt 0:00:04]} Qxd4+ {[%emt 0:00:01]} 24. Ke2 {[%emt 0:00:17]}
Bg4+ {[%emt 0:00:41]} 25. Kd2 {[%emt 0:00:06]} Bd8 {[%emt 0:00:25]} 26. Rc2 {
[%emt 0:00:18]} Ba5+ {[%emt 0:00:16]} 0-1

[Event "DSJ Weihnachtsturnier U20w 2020"]
[Site "https://play.chessbase.com/en/play?room=DSJWeihnachtU20w"]
[Date "2020.12.29"]
[Round "4"]
[White "Ricken, Katharina"]
[Black "Rudolph, Eva"]
[Result "1-0"]
[Termination "normal"]
[Board "2.2"]
[WhiteTitle "WCM"]
[WhiteElo "2030"]
[BlackElo "1860"]
[WhiteTeam "Schachverein Hemer 1932"]
[BlackTeam "Düsseldorfer Schachklub 14/25"]
[PlyCount "89"]
[WhiteFideId "16207017"]
[BlackFideId "16200594"]
[EventRounds "7"]
[EventType "team-swiss"]
[EventDate "2020.12.29"]

1. Nf3 {[%emt 0:00:02]} d5 {[%emt 0:00:03]} 2. g3 {[%emt 0:00:01]} Nf6 { [%emt
0:00:03]} 3. Bg2 {[%emt 0:00:01]} e6 {[%emt 0:00:05]} 4. d4 {[%emt 0:00: 01]}
c5 {[%emt 0:00:04]} 5. c4 {[%emt 0:00:11]} Nc6 {[%emt 0:00:07]} 6. O-O { [%emt
0:00:08]} Be7 {[%emt 0:00:14]} 7. cxd5 {[%emt 0:00:02]} exd5 {[%emt 0:00: 08]}
8. dxc5 {[%emt 0:00:03]} Bxc5 {[%emt 0:00:13]} 9. Nc3 {[%emt 0:00:02]} O-O
{[%emt 0:00:14]} 10. a3 {[%emt 0:00:03]} Be6 {[%emt 0:00:03]} 11. b4 {[%emt 0:
00:04]} Bb6 {[%emt 0:00:04]} 12. Bb2 {[%emt 0:00:02]} a6 {[%emt 0:00:35]} 13.
Rc1 {[%emt 0:00:02]} Rc8 {[%emt 0:00:06]} 14. Na4 {[%emt 0:00:02]} Ba7 { [%emt
0:00:48]} 15. Nc5 {[%emt 0:00:02]} Qe7 {[%emt 0:00:15]} 16. Bxf6 { [%emt
0:00:14]} Qxf6 {[%emt 0:00:07]} 17. Nxb7 {[%emt 0:00:02]} Qe7 {[%emt 0: 00:53]}
18. Nc5 {[%emt 0:00:07]} a5 {[%emt 0:00:05]} 19. Nxe6 {[%emt 0:00:12]} fxe6
{[%emt 0:00:09]} 20. b5 {[%emt 0:00:01]} Nb8 {[%emt 0:00:31]} 21. Bh3 { [%emt
0:01:11]} Nd7 {[%emt 0:00:34]} 22. Rxc8 {[%emt 0:00:23]} Rxc8 {[%emt 0: 00:03]}
23. Nd4 {[%emt 0:00:00]} Nf8 {[%emt 0:00:14]} 24. Nc6 {[%emt 0:00:19]} Qc5
{[%emt 0:00:28]} 25. a4 {[%emt 0:00:09]} Bb6 {[%emt 0:00:06]} 26. Qc1 { [%emt
0:00:15]} Qxc1 {[%emt 0:00:49]} 27. Rxc1 {[%emt 0:00:00]} Re8 {[%emt 0: 00:10]}
28. Ne5 {[%emt 0:00:15]} Bd4 {[%emt 0:00:12]} 29. Nd3 {[%emt 0:00:12]} Kf7
{[%emt 0:00:06]} 30. e3 {[%emt 0:00:25]} Bf6 {[%emt 0:00:23]} 31. Kf1 { [%emt
0:00:12]} Ke7 {[%emt 0:00:12]} 32. Ke2 {[%emt 0:00:07]} Kd6 {[%emt 0:00: 07]}
33. Rc6+ {[%emt 0:00:09]} Kd7 {[%emt 0:00:14]} 34. Nc5+ {[%emt 0:00:08]} Ke7
{[%emt 0:00:04]} 35. Bxe6 {[%emt 0:00:10]} Nxe6 {[%emt 0:00:06]} 36. Rxe6+
{[%emt 0:00:00]} Kf7 {[%emt 0:00:03]} 37. Rxe8 {[%emt 0:00:11]} Kxe8 {[%emt 0:
00:01]} 38. Kd3 {[%emt 0:00:02]} Kf7 {[%emt 0:00:18]} 39. Nb7 {[%emt 0:00:12]}
Ke6 {[%emt 0:00:06]} 40. Nxa5 {[%emt 0:00:06]} Kd7 {[%emt 0:00:01]} 41. Nc6 {
[%emt 0:00:07]} Kc7 {[%emt 0:00:03]} 42. a5 {[%emt 0:00:07]} g6 {[%emt 0:00:03]
} 43. a6 {[%emt 0:00:05]} Kb6 {[%emt 0:00:10]} 44. a7 {[%emt 0:00:15]} Kxb5 {
[%emt 0:00:02]} 45. a8=Q {[%emt 0:00:05]} 1-0

[Event "DSJ Weihnachtsturnier U20w 2020"]
[Site "https://play.chessbase.com/en/play?room=DSJWeihnachtU20w"]
[Date "2020.12.29"]
[Round "4"]
[White "Sokolowski, Judith"]
[Black "Becker, Linda"]
[Result "1-0"]
[Termination "normal"]
[Board "2.3"]
[WhiteElo "1761"]
[BlackElo "1763"]
[WhiteTeam "Düsseldorfer Schachklub 14/25"]
[BlackTeam "Schachverein Hemer 1932"]
[PlyCount "83"]
[WhiteFideId "16200624"]
[BlackFideId "16244753"]
[EventRounds "7"]
[EventType "team-swiss"]
[EventDate "2020.12.29"]

1. e4 {[%emt 0:00:04]} e6 {[%emt 0:00:05]} 2. d4 {[%emt 0:00:08]} d5 {[%emt 0:
00:01]} 3. e5 {[%emt 0:00:02]} c5 {[%emt 0:00:02]} 4. dxc5 {[%emt 0:00:02]}
Bxc5 {[%emt 0:00:02]} 5. Bd3 {[%emt 0:00:05]} Nc6 {[%emt 0:00:02]} 6. Nf3 {
[%emt 0:00:02]} Nge7 {[%emt 0:00:02]} 7. O-O {[%emt 0:00:10]} Ng6 {[%emt 0:00:
03]} 8. Qe2 {[%emt 0:00:05]} O-O {[%emt 0:00:03]} 9. c3 {[%emt 0:00:04]} Qc7 {
[%emt 0:00:05]} 10. Re1 {[%emt 0:00:06]} Bd7 {[%emt 0:00:03]} 11. b4 {[%emt 0:
00:09]} Bb6 {[%emt 0:00:08]} 12. a4 {[%emt 0:00:15]} a6 {[%emt 0:00:20]} 13.
Na3 {[%emt 0:00:27]} Ba7 {[%emt 0:00:17]} 14. b5 {[%emt 0:00:27]} Na5 {[%emt 0:
00:55]} 15. Bb2 {[%emt 0:00:59]} Nb3 {[%emt 0:00:21]} 16. Rad1 {[%emt 0:00:42]}
Nc5 {[%emt 0:01:16]} 17. Bc2 {[%emt 0:00:42]} Qa5 {[%emt 0:00:32]} 18. Nd4 {
[%emt 0:01:29]} Nxa4 {[%emt 0:00:16]} 19. Bxa4 {[%emt 0:00:49]} Qxa4 {[%emt 0:
00:03]} 20. bxa6 {[%emt 0:00:57]} Qxa6 {[%emt 0:00:13]} 21. Qxa6 {[%emt 0:00:
14]} bxa6 {[%emt 0:00:02]} 22. c4 {[%emt 0:00:12]} Rab8 {[%emt 0:00:22]} 23.
Ba1 {[%emt 0:00:09]} Ba4 {[%emt 0:00:16]} 24. Rc1 {[%emt 0:00:15]} Ne7 { [%emt
0:00:41]} 25. cxd5 {[%emt 0:00:38]} Nxd5 {[%emt 0:00:17]} 26. Nc4 { [%emt
0:00:13]} Rb4 {[%emt 0:00:19]} 27. Nf3 {[%emt 0:00:26]} Nf4 {[%emt 0:00: 19]}
28. Rc3 {[%emt 0:00:33]} Bc5 {[%emt 0:00:30]} 29. Nd6 {[%emt 0:00:08]} Bxd6
{[%emt 0:00:02]} 30. exd6 {[%emt 0:00:03]} Rd8 {[%emt 0:00:05]} 31. Rc7 { [%emt
0:00:14]} h6 {[%emt 0:00:09]} 32. Bc3 {[%emt 0:00:05]} Rb6 {[%emt 0:00: 16]}
33. Ba5 {[%emt 0:00:02]} Rbxd6 {[%emt 0:00:08]} 34. Rc4 {[%emt 0:00:02]} Rd5
{[%emt 0:00:25]} 35. Bxd8 {[%emt 0:00:03]} Rxd8 {[%emt 0:00:05]} 36. Rxa4 {
[%emt 0:00:01]} Ng6 {[%emt 0:00:07]} 37. Rxa6 {[%emt 0:00:01]} Rd2 {[%emt 0:00:
03]} 38. g3 {[%emt 0:00:02]} Rd3 {[%emt 0:00:07]} 39. Ra8+ {[%emt 0:00:01]} Kh7
{[%emt 0:00:02]} 40. Ne5 {[%emt 0:00:00]} Nxe5 {[%emt 0:00:03]} 41. Rxe5 {
[%emt 0:00:00]} Rd1+ {[%emt 0:00:01]} 42. Kg2 {[%emt 0:00:02]} 1-0

[Event "DSJ Weihnachtsturnier U20w 2020"]
[Site "https://play.chessbase.com/en/play?room=DSJWeihnachtU20w"]
[Date "2020.12.29"]
[Round "4"]
[White "Dartmann Aubanell, Catriona"]
[Black "Cerkez, Lorena"]
[Result "0-1"]
[Termination "time forfeit"]
[Board "2.4"]
[WhiteElo "1820"]
[BlackElo "1464"]
[WhiteTeam "Schachverein Hemer 1932"]
[BlackTeam "Düsseldorfer Schachklub 14/25"]
[PlyCount "54"]
[WhiteFideId "24585270"]
[BlackFideId "14418614"]
[EventRounds "7"]
[EventType "team-swiss"]
[EventDate "2020.12.29"]

1. e4 {[%emt 0:00:03]} e6 {[%emt 0:00:02]} 2. d4 {[%emt 0:00:04]} d5 {[%emt 0:
00:03]} 3. Bd3 {[%emt 0:00:03]} Nf6 {[%emt 0:00:10]} 4. e5 {[%emt 0:00:03]}
Nfd7 {[%emt 0:00:02]} 5. f4 {[%emt 0:00:05]} c5 {[%emt 0:00:03]} 6. c3 { [%emt
0:00:03]} Nc6 {[%emt 0:00:08]} 7. Nf3 {[%emt 0:00:02]} Qb6 {[%emt 0:00: 55]} 8.
Bc2 {[%emt 0:00:05]} Be7 {[%emt 0:00:06]} 9. a3 {[%emt 0:00:10]} a5 { [%emt
0:00:06]} 10. O-O {[%emt 0:00:06]} O-O {[%emt 0:00:04]} 11. Be3 {[%emt 0:
00:11]} Qxb2 {[%emt 0:00:41]} 12. Nbd2 {[%emt 0:01:14]} Qxc3 {[%emt 0:00:10]}
13. Re1 {[%emt 0:01:32]} cxd4 {[%emt 0:00:49]} 14. Rc1 {[%emt 0:01:02]} Qxa3 {
[%emt 0:00:54]} 15. Nxd4 {[%emt 0:00:20]} Nxd4 {[%emt 0:00:04]} 16. Bxd4 {
[%emt 0:00:02]} Bc5 {[%emt 0:00:13]} 17. Bxc5 {[%emt 0:01:05]} Qxc5+ {[%emt 0:
00:05]} 18. Kh1 {[%emt 0:00:10]} Qe7 {[%emt 0:00:09]} 19. Qh5 {[%emt 0:00:30]}
h6 {[%emt 0:00:10]} 20. Re3 {[%emt 0:00:51] DuessSK1-004 reconnected.} Qb4 {
[%emt 0:02:00]} 21. Rd1 {[%emt 0:01:36]} Qxf4 {[%emt 0:00:14]} 22. Rde1 { [%emt
0:00:37]} d4 {[%emt 0:00:16]} 23. R3e2 {[%emt 0:00:49] DuessSK1-004
reconnected.} Qg5 {[%emt 0:02:11]} 24. Qxg5 {[%emt 0:00:02]} hxg5 {[%emt 0:00:
02]} 25. Nf3 {[%emt 0:00:02]} f6 {[%emt 0:00:46]} 26. exf6 {[%emt 0:00:05]}
gxf6 {[%emt 0:00:05]} 27. Nxd4 {[%emt 0:00:02]} Ne5 {[%emt 0:00:12] TimeW} 0-1